00900cam a22002411 4500001001300000003000400013005001700017008004100034010001700075040004100092043001200133050001600145100004300161245010600204260008200310300003600392504003100428650004700459650003900506650005200545650004400597999001700641gs 09000458 DLC20260227111309.0870113s1871 ru f b 000 0 ger c ags 09000458  aU.S. Geol. Surv. Libr./ICUcICUdDLC ae-ur-kz00aQE276b.E331 aEichwald, Carl Eduard von,d1795-1876.10aGeonostisch-paleontologische Bemerkungen über die Halbinsel Mangischlak und die Aleutischen Inseln. aSt. Petersburg,bBuchdr. der Kaiserlichen Akademie der Wissenschaften,c1871. aiii, 200 p.b20 plates.c24 cm. aBibliographical footnotes. 0aGeologyzKazakhstanzMangyshlak Peninsula. 0aGeologyzAlaskazAleutian Islands. 0aPaleontologyzKazakhstanzMangyshlak Peninsula. 0aPaleontologyzAlaskazAleutian Islands. c24880d24880